Dictionary of Brazilian literature /

Bibliographic Details
Other Authors: Stern, Irwin
Format: Book
Language:English
Published: New York : Greenwood Press, 1988.
Subjects:

MARC

Tag First Indicator Second Indicator Subfields
LEADER 00000cam a22000008a 4500
001 in00000036245
005 20151007055421.0
008 870618s1988 nyu bd 00100deng
010 |a  87017744  
020 |a 0313249326 (lib. bdg. : alk. paper) 
035 |a (OCoLC)16129995 
035 |9 AAB8189AM 
040 |a DLC  |c DLC  |d TXA  |d UtOrBLW 
049 |a TXAF  |c [A11112299] 
050 0 0 |a PQ9506  |b .D53 1988 
082 0 |a 869/.09/981  |2 19 
245 0 0 |a Dictionary of Brazilian literature /  |c Irwin Stern, editor-in- chief. 
263 |a 8806 
264 1 |a New York :  |b Greenwood Press,  |c 1988. 
300 |a l, 402 pages 
336 |a text  |b txt  |2 rdacontent 
337 |a unmediated  |b n  |2 rdamedia 
338 |a volume  |b nc  |2 rdacarrier 
504 |a Includes bibliographies and index. 
650 0 |a Brazilian literature  |x Dictionaries. 
700 1 |a Stern, Irwin. 
999 |a MARS 
999 f f |s 7dcfb413-2919-3220-adac-cba6113db793  |i 6bedc9f2-cff2-3520-a809-2cf0587e1641  |t 0 
952 f f |p ric  |a Texas A&M University  |b Rellis Campus  |c Joint Library Facility  |d Remote Storage  |t 0  |e PQ9506 .D53 1988  |h Library of Congress classification  |i unmediated -- volume  |m A14811112299 
998 f f |a PQ9506 .D53 1988  |t 0  |l Remote Storage